| 000 | 00513nam a2200181Ia 4500 | ||
|---|---|---|---|
| 003 | SGT | ||
| 020 | _a9788120338067 | ||
| 082 |
_a5.13 _bFRI |
||
| 100 | _aFriedman, Daniel P. | ||
| 245 | _aEssentials of programming languages | ||
| 250 | _a3rd Ed. | ||
| 260 |
_bPHI Learning Private Limited _aNew Delhi _c2008 |
||
| 300 | _a410p. | ||
| 650 | _aCOMPUTER SCIENCE | ||
| 653 | _aINDUCTIVE SETS OF DATA,ABSTRACTION,EXPRESSIONS,STATE,CONTINUATION-PASSING INTERPRETERS. | ||
| 700 | _aWand, Mitchell | ||
| 942 |
_2ddc _cBK |
||
| 999 |
_c5018 _d5018 |
||